000
00282nam a2200109Ia 4500
008
230907s9999||||xx |||||||||||||| ||und||
082
_a
658.8
_b
BAR
100
_a
Barta, Thomas,
_9
116029
245
4
_a
The 12 powers of a marketing leader :
300
_a
vii, 228 pages :
942
_c
BK
999
_c
600852
_d
600852